000 00441nam a2200181Ia 4500
008 100917s9999 xx 000 0 und d
082 _b37981
100 _a---
245 _aनवे संसार
260 _b---
_c---
300 _a---
365 _b12.5
520 _aकादंबरी
630 _aनवे संसार
650 _aकादंबरी
730 _aनवे संसार
942 _cBOOK
999 _c643375
_d643372